000 01617cam a2200445 a 4500
001 3195
003 FISKH
005 20250307133149.0
008 120314s2012 nyu c 000 1 eng c
010 _a 2012009239
020 _a9780545057189
020 _a9780545549998
020 _a9780545057332
040 _aNJQ/DLC
_cNJQ
_beng
042 _alcac
_apcc
050 0 0 _aPZ7.F59816
_bPin 2012
082 0 0 _a[Fic]
_223
082 0 0 _a813.6
_223
100 1 _aFlake, Sharon.
245 1 0 _aPinned /
_cSharon G. Flake.
250 _aFirst Scholastic paperback printing, January 2013
260 _aNew York :
_bScholastic,
_c2012
300 _a228 pages ;
_c20 cm
520 _aAdonis is smart, intellectually gifted and born without legs; Autumn is strong, a great wrestler, and barely able to read in ninth grade--but Autumn is attracted to Adonis and determined to make him a part of her life whatever he or her best friend thinks.
650 0 _aPeople with disabilities
_vJuvenile fiction.
650 0 _aLearning disabled
_vJuvenile fiction.
650 0 _aAfrican Americans
_vJuvenile fiction.
650 0 _aHigh schools
_vJuvenile fiction.
650 0 _aBest friends
_vJuvenile fiction.
650 0 _aFriendship
_vJuvenile fiction.
650 1 _aPeople with disabilities
_vFiction.
650 1 _aLearning disabilities
_vFiction.
650 1 _aAfrican Americans
_vFiction.
650 1 _aHigh schools
_vFiction.
650 1 _aSchools
_vFiction.
650 1 _aBest friends
_vFiction.
650 1 _aFriendship
_vFiction.
906 _a7
_bcbc
_corignew
_d1
_eecip
_f20
_gy-gencatlg
942 _2ddc
_cBK
_n0
999 _c3195
_d3195